| 000 | 00505nam a2200133Ia 4500 | ||
|---|---|---|---|
| 008 | 220614s9999||||xx |||||||||||||| ||und|| | ||
| 020 | _a9780260000000 | ||
| 100 | _aLemke, Jay||Lecusay, Robert||Cole, Michael||Michalchik, Vera | ||
| 245 | 0 | _aDocumenting and Assessing Learning in Informal and Media-Rich Environments | |
| 546 | _aEnglish[eng] | ||
| 650 | _aEducational strategies and policy||Education: examinations and assessment | ||
| 856 | _uhttps://doi.org/10.7551/mitpress/9954.001.0001 | ||
| 942 | _cEB | ||
| 999 |
_c7419 _d7419 |
||